000 00308nam a2200133Ia 4500
008 190216s9999||||xx |||||||||||||| ||und||
100 _aLittle Wood.D.E
245 0 _aUniversity Algebra
250 _a2nd ed
260 _bWillam Heinemann Ltd
_c1961
300 _a324
650 _aMathematics
942 _cBK
999 _c30439
_d30439